Czech Journal of International Relations

Gespeichert in:
Bibliographische Detailangaben
Format: Schriftenreihe
Sprache:Englisch
Veröffentlicht: Praha Institute of International Relations 2025
Tags: Tag hinzufügen
Keine Tags, Fügen Sie das erste Tag hinzu!

MARC

LEADER 00000nas2a2200000 4500
001 0314236
005 20260120121430.5
022 |a 2788-2985 
041 0 |a eng 
044 |a CZ 
245 1 0 |a Czech Journal of International Relations 
264 1 |a Praha  |b Institute of International Relations  |c 2025 
773 0 |w eu_un_cat*s120060